| 000 | 00753nam a2200265 i 4500 | ||
|---|---|---|---|
| 001 | bg | ||
| 100 | 1 | _aBUCHTA, Monika | |
| 245 | 1 | 0 |
_aNiezbędnik szukającego pracy / _c[oprac. Monika Buchta] ; Politechnia Lubelska. [Biuro Karier Studenckich]. |
| 250 | _a2 ed. | ||
| 260 |
_aLublin : _bWydaw. PL, _c2004. |
||
| 300 |
_a47 s. : _brys. ; _c25 cm. |
||
| 504 | _aBibliogr. s. 47. | ||
| 650 | 9 |
_aPrzedsiębiorstwo prywatne _xorganizacja |
|
| 650 | 9 | _aZatrudnienie | |
| 655 | _aPoradniki | ||
| 700 | 1 | _aPolitechnika Lubelska, | |
| 015 | _aPB 10283/2005 | ||
| 020 | _a8389246570 | ||
| 040 | _cBPK | ||
| 041 | 0 | _apol | |
| 080 | _a331.53:658.114](083.1) | ||
| 920 | _a83-89246-57-0 | ||
| 942 | _cKS | ||
| 008 | s pl f |000 0 pol | ||
| 999 |
_c46382 _d46382 |
||
| 856 |
_uhttp://koha.tu.koszalin.pl/cgi-bin/koha/opac-detail.pl?biblionumber=46382 _yKatalog online BPK |
||